Jim Carrey Movies by Picture (Click) - Statistics

General Stats
  • This quiz has been taken 260 times
  • The average score is 12 of 25
Answer Stats
Hint Answer % Correct
The Mask
99%
Sonic the Hedgehog
90%
Dr. Seuss' How the Grinch Stole Christmas!
89%
Dumb and Dumber
78%
Ace Ventura: Pet Detective
74%
Batman Forever
71%
Mr. Popper's Penguins
70%
Lemony Snicket's A Series of Unfortunate Events
67%
Liar Liar
60%
Bruce Almighty
57%
The Truman Show
52%
Kick-Ass 2
44%
Eternal Sunshine of the Spotless Mind
40%
Me, Myself and Irene
39%
Anchorman 2: The Legend Continues
39%
Man on the Moon
37%
The Incredible Burt Wonderstone
31%
The Number 23
29%
Finders Keepers
26%
The Cable Guy
26%
Dark Crimes
25%
I Love You Phillip Morris
21%
Yes Man
20%
Fun with Dick and Jane
11%
The Majestic
10%
No matching quizzes found
Score Distribution
Percent of People with Each Score
Percentile by Number Answered
Your Score History
You have not taken this quiz